| 000 | 00948nam0a22002651 4500 | ||
|---|---|---|---|
| 001 | rc\3129033 | ||
| 005 | 20250530064800.0 | ||
| 021 |
_aRU _b[75-20979] |
||
| 035 | _a(NLR Aleph) 007278341 | ||
| 090 |
_a5482819 _c5482819 |
||
| 100 | _a20120615d1975 |||y0rusy50 ca | ||
| 101 | 0 | _arus | |
| 102 | _aRU | ||
| 105 | _aa z |||a| | ||
| 200 | 1 |
_aСтраницы великой жизни _eЛенин в Петрограде. Апр. 1917 - март 1918 _eДокум. рассказ _e[Для сред. возраста] |
|
| 205 | _a3-е изд. | ||
| 210 |
_aЛенинград _cДет. лит. [Ленингр. отд-ние] _d1975 |
||
| 215 |
_a95 с. _cил. _d22 |
||
| 700 | 1 |
_7ca _8rus _aПопов _bА.Ф. _cписатель _f1906-1978 _gАлександр Федорович _9162083 _3RU\NLR\AUTH\770162127 |
|
| 801 | 0 |
_aRU _bNLR _gpsbo |
|
| 801 | 1 |
_aRU _bELAR _2rusmarc |
|
| 852 |
_aNLR _j75-6/833 |
||
| 942 | _cBOOK | ||
| 980 | _aNB | ||